00750cam a2200217 a 450000100100000000500170001000800410002702000150006804000230008308200180010610000370012424501000016126000310026130000280029249000290032065000230034965000250037260000670039770000370046483000310050100000881820200929161419.0920513s1990 sp a 000 f spa d a847039584X aDO-SdBNPcDLCdDLC aA863.4bB616t1 aBioy Casares, Adolfo,d1914-199913aLa trama celeste /cAdolfo Bioy Casares ; edición, introduccion y notas de Pedro Luis Barcia. aMadrid :bCastalia,c1990. a265 p. :bil. ;c18 cm.1 aClásicos Castaliav184 4aCuentos argentinos 4aLiteratura argentina14aBIOY CASARES, ADOLFO,d1914-1999xCRÍTICA E INTERPRETACIÓN1 aBarcia, Pedro Luis,d1939-,eed. 0aClásicos Castalia ;v184